000 00778nam a22002057a 4500
999 _c532845
_d532845
003 NUST
005 20191216110458.0
008 191204b ||||| |||| 00| 0 eng d
038 _aIESE
082 _a628
_bHAS
100 _aHashmi,Ehsan Mustafa
_926459
245 _aEfficient removal of oil,fats and grease from domestic wastewater for water reuse with energy generation as fuel.
_cEhsan Mustafa Hashmi
260 _aIslamabad
_bIESE (SCEE) NUST
_c2019
300 _a41p.
_bH.B
440 _aMS Environmental Engineering
_91549
500 _aThesis MS EE
650 _aEnvironmental Engineering
_91550
700 _4Dr. Yousuf Jamal (Supervisor)
942 _2ddc
_cTHE
_kIESE